| 000 | 00900cam a22002651 4500 | ||
|---|---|---|---|
| 001 | sa 68000591 | ||
| 003 | DLC | ||
| 005 | 20260227112425.0 | ||
| 008 | 891009s1962 ii c b 000 0 urdr | ||
| 010 | _asa 68000591 | ||
| 025 | _aPL480:I-U-380 | ||
| 035 | _a(OCoLC)20459532 | ||
| 040 |
_aDLC _cWaU _dDLC |
||
| 042 | _apremarc | ||
| 050 | 0 | 0 |
_aPK1979 _b.M33 1962 |
| 100 | 0 |
_aMatīn Ḥaidarābādī, _d1897?-1949. |
|
| 245 | 0 | 0 | _aMatīn Ḥaidarābādī aur un kī ek ʻilmī taḥqīq. |
| 260 |
_a[Hyderabad, _bḤaidarābād Urdū Akāḍemī, _c1962] |
||
| 300 |
_a104 p. _bport. _c18 cm. |
||
| 490 | 1 |
_aUrdū Akāḍemī, Hyderabad, India. Silsilah-yi mat̤būʻāt Ḥaidarābād Urdū Akāḍemī, _v10 |
|
| 500 | _aIn Urdu. | ||
| 504 | _aBibliography: p. 102-103. | ||
| 650 | 0 |
_aUrdu language _xAlphabet. |
|
| 830 | 0 |
_aSilsilah-yi mat̤būʻāt Ḥaidarābād Urdū Akāḍemī ; _v10. |
|
| 999 |
_c77313 _d77313 |
||